000 00287nam a22001337a 4500
008 170412b xxu||||| |||| 00| 0 eng d
020 _a9780781737562
041 _aeng
080 _a618
100 _a10
101 _aSHM
245 _aNOVAKS GYNECOLOGY
_cBEREK.J.S
942 _2udc
_cBK
999 _c10456
_d10456